|
|
|
|
| LEADER |
00000nam a22000007a 4500 |
| 005 |
20130228171050.0 |
| 007 |
cr|||| |||| |
| 008 |
130228e2012 sp |||||s|||| 00||0 spa d |
| 020 |
|
|
|a 978-84-940751-5-5
|
| 035 |
|
|
|a 7277
|
| 040 |
|
|
|a vLex
|
| 090 |
|
|
|c 3789
|d 3789
|
| 100 |
1 |
0 |
|a Martos Nę︢z, Juan Antonio
|
| 245 |
1 |
0 |
|a Delitos cualificados por el resultado en el Derecho Penal Espaǫl
|h [Recurso electrn̤ico]
|
| 256 |
|
|
|a Servicio en ln̕ea
|
| 260 |
|
|
|a Barcelona :
|b J.M. Bosch Editor,
|c 2012
|
| 300 |
|
|
|a 1 Recurso electrn̤ico
|
| 650 |
0 |
4 |
|a Derecho penal
|z Espaą
|
| 740 |
|
|
|a vLex Libros (Servicio en ln̕ea)
|
| 856 |
|
|
|a Acceso restringido
|u http://www.vlex.com/source/7277
|
| 942 |
|
|
|c BOOK
|
| 999 |
|
0 |
|a Criminal law
|